000 01171cam a22003857a 4500
003 CHAP
005 20220817043504.0
008 981029d1996 it r 11 fre d
010 _a76516
011 _a77488
020 _a9252038531
035 _a87095
040 _cCHAP
082 0 4 _a333.72
_bF3f v.31
110 2 _aFAO
245 1 0 _aL'élevage de l'aulacode (Thryonomys swinderianus)
_c/par Pr. J. C. Heymans
260 _aRome :
_bFAO,
_c1996.
300 _a79 p. :
_bilus.
410 2 _aFAO
490 0 _aGuía de conservación
_v; 31
590 _aBATCH-UPD
_b10
_c20130110
_lUCH01
_h0607
590 _aBATCH-UPD
_b10
_c20130110
_lUCH01
_h2243
590 _aBATCH-UPD
_b10
_c20130410
_lUCH01
_h0249
590 _aBATCH-UPD
_b10
_c20130914
_lUCH01
_h1345
590 _aCONVERSION
_b10
_c20130109
_lUCH01
_h1342
650 1 4 _aRoedores.
_999027
650 1 4 _aTryonomys swinderianus.
_9115432
700 0 _aHeymans, Pr. J. C.
_955123
810 0 _aFAO
830 0 0 _aGuía de conservación
_v; 31
_951482
901 _aBK
905 _aLilia Sánchez G.
942 _cLIBRO
949 _a333.72 F3f v.31
_bBC
_cFAO
_d33724000709291
_eFAO1
_h94469
_i87095
_kDonaciØn
_sb
999 _c76516
_d76516